000 00635nam a2200241Ia 4500
003 OSt
005 20220918210823.0
006 a|||||r|||| 00| 0
007 ta
008 220917b |||||||| |||| 00| 0 eng d
024 _a122,196
037 _cTextual
040 _aARTS
_cARTS
_beng
041 _2eng
_aeng
082 _aV8:4.N7, L7
100 _aAitkin Don
_9119334
245 0 _aStability and change in Australian politics
260 _aNew York
_bSt Martin's Press
_c1977
500 _aAppendix p271-296
650 _aHISTORY
942 _hV8:4.N7, L7
_cTEXL
_2CC
999 _c245388
_d245388